ਰਵਿੰਦਰ ਰਵੀ ਦਾ ਸਫ਼ਰਨਾਮਾ ਸਿਮਰਤੀਆੰ ਦੇ ਦੇਸ਼ / (Record no. 70718)

MARC details
000 -LEADER
fixed length control field 01104nam a22002657a 4500
005 - DATE AND TIME OF LATEST TRANSACTION
control field 2009080405165.0
008 - FIXED-LENGTH DATA ELEMENTS--GENERAL INFORMATION
fixed length control field 090728t xxu||||| |||| 00| 0 pun d
010 ## - LCCN (DPL NO)
LC control number PUN-7376
020 ## - INTERNATIONAL STANDARD BOOK NUMBER
Terms of availability 200.00
035 ## - SYSTEM CONTROL NUMBER
System control number PN-6494
037 ## - SOURCE OF ACQUISITION
Source of stock number/acquisition DBAD / PUB/NBS
040 ## - CATALOGING SOURCE
Original cataloging agency dpl
Language of cataloging PN
082 ## - DEWEY DECIMAL CLASSIFICATION NUMBER
Classification number 854
100 ## - MAIN ENTRY--PERSONAL NAME
9 (RLIN) 37323
Personal name ਮਨਮੀਤ ਕੋਰ
245 ## - TITLE STATEMENT
Title ਰਵਿੰਦਰ ਰਵੀ ਦਾ ਸਫ਼ਰਨਾਮਾ ਸਿਮਰਤੀਆੰ ਦੇ ਦੇਸ਼ /
Statement of responsibility, etc ਮਨਮੀਤ ਕੋਰ
246 ## - VARYING FORM OF TITLE
Title proper/short title Ravinder Ravi da safarnama Simratiyaan de desh:paath-kendrit adyan
Remainder of title by Manmeet Kaur
260 ## - PUBLICATION, DISTRIBUTION, ETC. (IMPRINT)
Place of publication, distribution, etc ਦਿੱਲੀ
Name of publisher, distributor, etc National Book Shop
Date of publication, distribution, etc 2012
270 ## - ADDRESS
Address 32-B, ਪਲੱਈਅਰ ਗਾਰਡਨ ਮਾਰਕਿਟ,ਚਾਂਦਨੀ ਚੋਂਕ
City ਦਿੱਲੀ
Telephone number 011-23264342
300 ## - PHYSICAL DESCRIPTION
Extent 128ਪਂ;
Other physical details 21ਸੇਂਮੀ(ਸਜਿਲਦ)
650 ## - SUBJECT ADDED ENTRY--TOPICAL TERM
9 (RLIN) 37324
650 ## - SUBJECT ADDED ENTRY--TOPICAL TERM
9 (RLIN) 37325
700 ## - ADDED ENTRY--PERSONAL NAME
9 (RLIN) 52947
942 ## - ADDED ENTRY ELEMENTS (KOHA)
Source of classification or shelving scheme Dewey Decimal Classification
Item type Punjabi Bks
Classification part 854
Call number suffix ਮਨਮੀ
Holdings
Withdrawn status Lost status Source of classification or shelving scheme Damaged status Not for loan Collection code Home library Current library Date acquired Source of acquisition Cost, normal purchase price Total Checkouts Full call number Barcode Date last seen Copy number Cost, replacement price Koha item type
    Dewey Decimal Classification     Non-fiction D.B.Act.Division D.B.Act.Division 09/10/2012 DBAD / PUB 200.00   854 ਮਨਮੀ PN-6494 09/10/2012 1 200.00 Punjabi Bks

© Delhi Public Library
Hit Counter
free hit counter